Top 10 Atalanta Starting XI - Statistics

General Stats
  • This quiz has been taken 704 times
    10 since last reset
  • The average score is 31 of 44
Answer Stats
Team Player % Correct
2022-23, 2023-24, 2024-25 Ademola Lookman
100%
2023-24, 2024-25, 2025-26 Charles De Ketelaere
100%
2020-21 Cristian Romero
100%
2018-19, 2019-20, 2020-21, 2021-22 Duván Zapata
100%
2022-23, 2023-24, 2024-25, 2025-26 Éderson
100%
2018-19 Josip Iličić
100%
2019-20, 2021-22 Mario Pašalić
100%
2017-18, 2018-19, 2019-20, 2020-21, 2021-22, 2022-23, 2023-24, 2024-25, 2025-26 Marten de Roon
100%
2024-25 Mateo Retegui
100%
2016-17, 2017-18, 2018-19, 2019-20 Papu Gómez
100%
2018-19, 2019-20, 2020-21 Robin Gosens
100%
2023-24, 2024-25 Sead Kolašinac
100%
2019-20, 2020-21, 2021-22, 2022-23, 2023-24, 2024-25, 2025-26 Berat Djimsiti
86%
2021-22, 2022-23, 2023-24, 2024-25, 2025-26 Davide Zappacosta
86%
2017-18, 2018-19, 2019-20, 2020-21, 2021-22 Hans Hateboer
86%
2025-26 Nicola Zalewski
86%
2018-19, 2019-20, 2020-21 Pierluigi Gollini
86%
2022-23 Rasmus Højlund
86%
2016-17, 2017-18, 2018-19, 2019-20, 2020-21, 2021-22 Remo Freuler
86%
2020-21, 2021-22 Ruslan Malinovskyi
86%
2022-23, 2023-24 Teun Koopmeiners
86%
2022-23, 2023-24, 2025-26 Giorgio Scalvini
71%
2024-25, 2025-26 Isak Hien
71%
2022-23 Joakim Mæhle
71%
2018-19, 2019-20, 2021-22 José Luis Palomino
71%
2023-24, 2024-25, 2025-26 Marco Carnesecchi
71%
2023-24 Matteo Ruggeri
71%
2021-22 Merih Demiral
71%
2016-17, 2017-18, 2019-20, 2020-21, 2022-23 Rafael Tolói
71%
2016-17 Franck Kessié
57%
2018-19 Gianluca Mancini
57%
2021-22, 2022-23 Juan Musso
57%
2020-21 Matteo Pessina
57%
2025-26 Nikola Krstović
57%
2016-17, 2017-18 Etrit Berisha
43%
2024-25 Raoul Bellanova
43%
2016-17, 2017-18, 2018-19 Andrea Masiello
29%
2016-17 Jasmin Kurtić
29%
2016-17, 2017-18 Leonardo Spinazzola
29%
2025-26 Lorenzo Bernasconi
29%
2016-17, 2017-18 Mattia Caldara
29%
2016-17 Andrea Conti
14%
2016-17, 2017-18 Andrea Petagna
14%
2017-18 Bryan Cristante
0%
No matching quizzes found
Score Distribution
Percent of People with Each Score
Percentile by Number Answered
Your Score History
You have not taken this quiz since the last reset